<?xml version="1.0" encoding="UTF-8"?>
<record
    xmlns:xsi="http://www.w3.org/2001/XMLSchema-instance"
    xsi:schemaLocation="http://www.loc.gov/MARC21/slim http://www.loc.gov/standards/marcxml/schema/MARC21slim.xsd"
    xmlns="http://www.loc.gov/MARC21/slim">

  <leader>01085nam a22002177a 4500</leader>
  <datafield tag="999" ind1=" " ind2=" ">
    <subfield code="c">62477</subfield>
    <subfield code="d">62477</subfield>
  </datafield>
  <controlfield tag="003">Ge_BSU</controlfield>
  <controlfield tag="005">20241115145436.0</controlfield>
  <controlfield tag="008">241115s1982    ge ||||| |||| 00| 0 geo d</controlfield>
  <datafield tag="041" ind1=" " ind2=" ">
    <subfield code="a">geo</subfield>
  </datafield>
  <datafield tag="080" ind1=" " ind2=" ">
    <subfield code="a">613.83:616.89-008.441.33 &#x10DB;-14</subfield>
  </datafield>
  <datafield tag="245" ind1=" " ind2=" ">
    <subfield code="a">&#x10DB;&#x10D0;&#x10D5;&#x10DC;&#x10D4; &#x10E9;&#x10D5;&#x10D4;&#x10D5;&#x10D8;&#x10D3;&#x10D0;&#x10DC; &#x10DB;&#x10EB;&#x10D8;&#x10DB;&#x10D4; &#x10D3;&#x10D0;&#x10D0;&#x10D5;&#x10D0;&#x10D3;&#x10D4;&#x10D1;&#x10D0;&#x10DB;&#x10D3;&#x10D4; :</subfield>
    <subfield code="b">&#x10DC;&#x10D0;&#x10E0;&#x10D9;&#x10D5;&#x10D4;&#x10D5;&#x10D4;&#x10D1;&#x10D8; &#x10DC;&#x10D0;&#x10E0;&#x10D9;&#x10DD;&#x10DB;&#x10D0;&#x10DC;&#x10D8;&#x10D8;&#x10E1; &#x10E8;&#x10D4;&#x10E1;&#x10D0;&#x10EE;&#x10D4;&#x10D1; /</subfield>
    <subfield code="c">&#x10D0;. &#x10D6;&#x10E3;&#x10E0;&#x10D0;&#x10D1;&#x10D0;&#x10E8;&#x10D5;&#x10D8;&#x10DA;&#x10D8;, &#x10D0;. &#x10D2;&#x10D0;&#x10D1;&#x10D8;&#x10D0;&#x10DC;&#x10D8;, &#x10D2;. &#x10DA;&#x10D4;&#x10DF;&#x10D0;&#x10D5;&#x10D0;, &#x10D1;. &#x10DC;&#x10D0;&#x10DC;&#x10D4;&#x10D8;&#x10E8;&#x10D5;&#x10D8;&#x10DA;&#x10D8;.</subfield>
  </datafield>
  <datafield tag="264" ind1=" " ind2=" ">
    <subfield code="a">&#x10D7;&#x10D1;&#x10D8;&#x10DA;&#x10D8;&#x10E1;&#x10D8; :</subfield>
    <subfield code="b">&#x10E1;&#x10D0;&#x10D1;&#x10ED;. &#x10E1;&#x10D0;&#x10E5;&#x10D0;&#x10E0;&#x10D7;&#x10D5;&#x10D4;&#x10DA;&#x10DD;,</subfield>
    <subfield code="c">1982.</subfield>
  </datafield>
  <datafield tag="300" ind1=" " ind2=" ">
    <subfield code="a">109 &#x10D2;&#x10D5;. ;</subfield>
    <subfield code="b">20 &#x10E1;&#x10DB;.</subfield>
  </datafield>
  <datafield tag="653" ind1=" " ind2=" ">
    <subfield code="a">&#x10DC;&#x10D0;&#x10E0;&#x10D9;&#x10DD;&#x10E2;&#x10D8;&#x10D9;&#x10D4;&#x10D1;&#x10D8;&#x10E1; &#x10D2;&#x10D0;&#x10D5;&#x10DA;&#x10D4;&#x10DC;&#x10D0; &#x10DD;&#x10E0;&#x10D2;&#x10D0;&#x10DC;&#x10D8;&#x10D6;&#x10DB;&#x10D6;&#x10D4;.</subfield>
  </datafield>
  <datafield tag="653" ind1=" " ind2=" ">
    <subfield code="a">&#x10DB;&#x10D4;&#x10D3;&#x10D8;&#x10EA;&#x10D8;&#x10DC;&#x10D0;</subfield>
  </datafield>
  <datafield tag="700" ind1=" " ind2=" ">
    <subfield code="a">&#x10D6;&#x10E3;&#x10E0;&#x10D0;&#x10D1;&#x10D0;&#x10E8;&#x10D5;&#x10D8;&#x10DA;&#x10D8;, &#x10D0;</subfield>
    <subfield code="9">19726</subfield>
  </datafield>
  <datafield tag="700" ind1=" " ind2=" ">
    <subfield code="a">&#x10D2;&#x10D0;&#x10D1;&#x10D8;&#x10D0;&#x10DC;&#x10D8;, &#x10D0;.</subfield>
    <subfield code="9">23704</subfield>
  </datafield>
  <datafield tag="700" ind1=" " ind2=" ">
    <subfield code="a">&#x10DA;&#x10D4;&#x10DF;&#x10D0;&#x10D5;&#x10D0;,  &#x10D2;.</subfield>
    <subfield code="9">3023</subfield>
  </datafield>
  <datafield tag="700" ind1=" " ind2=" ">
    <subfield code="a">&#x10DC;&#x10D0;&#x10DC;&#x10D4;&#x10D8;&#x10E8;&#x10D5;&#x10D8;&#x10DA;&#x10D8;, &#x10D1;</subfield>
    <subfield code="9">23705</subfield>
  </datafield>
  <datafield tag="942" ind1=" " ind2=" ">
    <subfield code="2">udc</subfield>
    <subfield code="c">BK</subfield>
  </datafield>
  <datafield tag="952" ind1=" " ind2=" ">
    <subfield code="0">0</subfield>
    <subfield code="1">0</subfield>
    <subfield code="2">udc</subfield>
    <subfield code="4">0</subfield>
    <subfield code="6">613836168900844133_&#x10DB;14</subfield>
    <subfield code="7">0</subfield>
    <subfield code="9">101169</subfield>
    <subfield code="a">CPL</subfield>
    <subfield code="b">CPL</subfield>
    <subfield code="c">GEN</subfield>
    <subfield code="d">2024-11-15</subfield>
    <subfield code="g">0.50</subfield>
    <subfield code="o">613.83:616.89-008.441.33 &#x10DB;-14</subfield>
    <subfield code="p">69766</subfield>
    <subfield code="r">2024-11-15</subfield>
    <subfield code="t">69766</subfield>
    <subfield code="w">2024-11-15</subfield>
    <subfield code="y">BK</subfield>
    <subfield code="z">0.50&#x10D7;.</subfield>
  </datafield>
  <datafield tag="952" ind1=" " ind2=" ">
    <subfield code="0">0</subfield>
    <subfield code="1">0</subfield>
    <subfield code="2">udc</subfield>
    <subfield code="4">0</subfield>
    <subfield code="6">613836168900844133_&#x10DB;14</subfield>
    <subfield code="7">0</subfield>
    <subfield code="9">101170</subfield>
    <subfield code="a">CPL</subfield>
    <subfield code="b">CPL</subfield>
    <subfield code="c">GEN</subfield>
    <subfield code="d">2024-11-15</subfield>
    <subfield code="g">0.50</subfield>
    <subfield code="o">613.83:616.89-008.441.33 &#x10DB;-14</subfield>
    <subfield code="p">69767</subfield>
    <subfield code="r">2024-11-15</subfield>
    <subfield code="t">69767</subfield>
    <subfield code="w">2024-11-15</subfield>
    <subfield code="y">BK</subfield>
    <subfield code="z">0.50&#x10D7;.</subfield>
  </datafield>
</record>
